[Event "Vlcnov Oharka Memorial"]
[Site "Vlcnov"]
[Date "2018.12.26"]
[Round "1"]
[White "Stos, Radek"]
[Black "Vrana, Frantisek"]
[Result "0-1"]
[WhiteElo "1766"]
[BlackElo "2271"]
[PlyCount "72"]
[EventDate "2018.12.26"]
[EventType "swiss"]
[EventRounds "9"]
[EventCountry "CZE"]
[SourceTitle "CBM 188 Extra"]
[Source "ChessBase"]
[SourceDate "2019.02.26"]
[SourceVersion "1"]
[SourceVersionDate "2019.02.26"]
[SourceQuality "1"]

1. e4 c6 2. Nf3 d5 3. exd5 cxd5 4. d4 Nc6 5. Bb5 Bg4 6. h3 Bh5 7. Nbd2 e6 8. Nf1 Bd6 9. Bxc6+ bxc6 10. Ng3 Bg6 11. 0-0 Nf6 12. Bg5 Qb6 13. b3 Bxg3 14. fxg3 Ne4 15. Qe1 Nxg5 16. Nxg5 Qxd4+ 17. Kh2 0-0 18. Rf4 Qc5 19. Rc1 Rfe8 20. Nf3 f6 21. c4 Qd6 22. c5 Qc7 23. Rb4 e5 24. Nh4 Be4 25. Rxe4 dxe4 26. Nf5 g6 27. Nd6 f5 28. Nxe8 Rxe8 29. Qc3 f4 30. Rd1 e3 31. Rd6 Qf7 32. Qd3 e4 33. Qd4 e2 34. Qf2 f3 35. Kg1 e3 36. Qxf3 Qxf3 0-1